000 00301nam a22001457a 4500
020 _a978-81-226-0685-0
082 _a894.812.3
_bSAS/O
100 _aJOSEPH, SARA
245 _aOORU KAVAL
260 _a2010
_bCURRENT BOOKS
_c2010
300 _a206
520 _aNOVEL
650 _aNOVEL
942 _cBK
999 _c5225
_d5225